Pays frontaliers de l'Inde - Statistiques

Statistiques générales
  • Ce quiz a été pris 33 682 fois
  • Le résultat moyen est 5 sur 6
Statistiques - réponses
km Pays % Correct
3 380 Chine
96%
2 912 Pakistan
96%
1 690 Népal
92%
4 053 Bangladesh
90%
605 Bhoutan
83%
1 463 Birmanie
78%
Aucun quiz correspondant
Distribution des résultats
% des personnes avec chaque résultat
Percentile par nombre de réponses
Votre historique - résultats
Vous n’avez pas pris ce quiz